[Event "Konakovo Rating 10th"]
[Site "Konakovo"]
[Date "2014.07.20"]
[Round "11"]
[White "Dzera, Evgeniy"]
[Black "Milutin, Lev"]
[Result "1-0"]
[WhiteElo "2156"]
[BlackElo "1915"]
[PlyCount "129"]
[EventDate "2014.07.10"]
[EventType "tourn"]
[EventRounds "11"]
[EventCountry "RUS"]
[SourceTitle "EXT 2022"]
[Source "ChessBase"]
[SourceDate "2021.10.06"]
[SourceVersion "1"]
[SourceVersionDate "2021.10.06"]
[SourceQuality "1"]

1. e4 d6 2. d4 g6 3. Be2 Bg7 4. Be3 Nf6 5. Nc3 0-0 6. Qd2 a6 7. f3 b5 8. a3 Bb7 9. g4 e6 10. h4 h5 11. Bg5 Qe8 12. gxh5 Nxh5 13. Rh3 e5 14. dxe5 dxe5 15. 0-0-0 Bc8 16. Rh2 Be6 17. Nd5 Bxd5 18. Qxd5 c6 19. Qc5 Qe6 20. Kb1 Nd7 21. Qd6 Qxd6 22. Rxd6 Nb8 23. Bd1 Ra7 24. Rhd2 Rc7 25. Ne2 a5 26. Bd8 Ra7 27. Bb6 Ra8 28. Bc7 c5 29. Nc3 b4 30. Nd5 Bh6 31. Rg2 Kg7 32. Be2 bxa3 33. bxa3 Ra7 34. Ka2 Nf4 35. Nxf4 Bxf4 36. Bc4 Rxc7 37. h5 Rc6 38. Rd5 g5 39. Rg1 Kh6 40. Rh1 f6 41. Kb3 Be3 42. Ka4 Rc7 43. Rd6 Nc6 44. c3 Nb8 45. Bd5 Bd2 46. c4 Nd7 47. Be6 Be3 48. Bxd7 Ra7 49. Bf5 Bd4 50. Rb1 Rg7 51. Bg4 Rgf7 52. Rb5 Ra7 53. Rbb6 Kg7 54. Bf5 Kh6 55. Bg6 Kg7 56. Rb5 Rfa8 57. Rdb6 Be3 58. Rb7+ Kh6 59. R5b6 Rxb7 60. Rxb7 g4 61. fxg4 Bd2 62. Bf5 Rd8 63. Rh7+ Kg5 64. Rg7+ Kf4 65. h6 1-0

[Event "Konakovo Rating 10th"]
[Site "Konakovo"]
[Date "2014.07.19"]
[Round "10"]
[White "Milutin, Lev"]
[Black "Kovalev, Aleksandr"]
[Result "1-0"]
[WhiteElo "1915"]
[BlackElo "1875"]
[PlyCount "101"]
[EventDate "2014.07.10"]
[EventType "tourn"]
[EventRounds "11"]
[EventCountry "RUS"]
[SourceTitle "EXT 2022"]
[Source "ChessBase"]
[SourceDate "2021.10.06"]
[SourceVersion "1"]
[SourceVersionDate "2021.10.06"]
[SourceQuality "1"]

1. e4 e5 2. Nf3 Nc6 3. c3 Nf6 4. d3 Bc5 5. Bg5 Be7 6. Qb3 d6 7. Nbd2 Bd7 8. d4 exd4 9. cxd4 Qc8 10. Qc3 d5 11. Bxf6 Bxf6 12. e5 Be7 13. a3 Nd8 14. Rc1 c6 15. h3 0-0 16. Bd3 Bf5 17. g4 Bxd3 18. Qxd3 Ne6 19. Qe3 g5 20. Nh2 Nf4 21. 0-0 Qe6 22. h4 Qh6 23. h5 f5 24. exf6 Bxf6 25. Nhf3 Rae8 26. Ne5 Qg7 27. Ndf3 Bxe5 28. Nxe5 h6 29. Rfe1 Rf6 30. Qg3 Rfe6 31. Re3 a6 32. Rce1 Qf6 33. Rf3 Qg7 34. Rfe3 Qe7 35. Ng6 Qf7 36. Rxe6 Rxe6 37. Rxe6 Nxe6 38. Qb8+ Nf8 39. Nxf8 Qxf8 40. Qxb7 Qf6 41. Qxa6 Qxd4 42. Qc8+ Kg7 43. Qd7+ Kh8 44. Qe8+ Kg7 45. Qg6+ Kf8 46. Qxh6+ Ke7 47. Qh7+ Kd6 48. Qf5 Qxb2 49. h6 d4 50. h7 d3 51. Qxd3+ 1-0

[Event "Konakovo Rating 9th"]
[Site "Konakovo"]
[Date "2014.02.22"]
[Round "1"]
[White "Milutin, Lev"]
[Black "Nazarov, Valeriy"]
[Result "1/2-1/2"]
[WhiteElo "1894"]
[BlackElo "2231"]
[PlyCount "36"]
[EventDate "2014.02.22"]
[EventType "tourn"]
[EventRounds "13"]
[EventCountry "RUS"]
[SourceTitle "CBM 159 Extra"]
[Source "ChessBase"]
[SourceDate "2014.04.24"]
[SourceVersion "1"]
[SourceVersionDate "2014.04.24"]
[SourceQuality "1"]

1. e4 c5 2. c3 Nf6 3. e5 Nd5 4. d4 cxd4 5. Nf3 Nc6 6. Bc4 Nb6 7. Bb5 d5 8. exd6 Qxd6 9. a4 a6 10. a5 Nd5 11. Bc4 Be6 12. 0-0 Nf6 13. Bxe6 Qxe6 14. Nxd4 Nxd4 15. Qxd4 Rd8 16. Qb4 Qc6 17. Qa4 Qxa4 18. Rxa4 Nd5 1/2-1/2

[Event "Konakovo Rating 8th"]
[Site "Konakovo"]
[Date "2013.07.19"]
[Round "11"]
[White "Dzera, Evgeniy"]
[Black "Milutin, Lev"]
[Result "1-0"]
[WhiteElo "2155"]
[BlackElo "1937"]
[PlyCount "41"]
[EventDate "2013.07.06"]
[EventType "tourn"]
[EventRounds "11"]
[EventCountry "RUS"]
[SourceTitle "EXT 2014"]
[Source "ChessBase"]
[SourceDate "2013.11.20"]
[SourceVersion "1"]
[SourceVersionDate "2013.11.20"]
[SourceQuality "1"]

1. d4 d5 2. Bf4 Nf6 3. Nc3 Bf5 4. e3 e6 5. Bd3 Bxd3 6. cxd3 Be7 7. Qb3 Qc8 8. Nb5 Na6 9. Nf3 c6 10. Nd6+ Bxd6 11. Bxd6 Qd7 12. 0-0 Rc8 13. Rac1 b6 14. Qa3 Qb7 15. Qa4 Nd7 16. e4 dxe4 17. dxe4 b5 18. Qb3 c5 19. dxc5 Naxc5 20. Qc3 f6 21. b4 1-0

[Event "Konakovo Rating 8th"]
[Site "Konakovo"]
[Date "2013.07.19"]
[Round "10"]
[White "Milutin, Lev"]
[Black "Kovalev, Aleksandr"]
[Result "0-1"]
[WhiteElo "1937"]
[BlackElo "1954"]
[PlyCount "60"]
[EventDate "2013.07.06"]
[EventType "tourn"]
[EventRounds "11"]
[EventCountry "RUS"]
[SourceTitle "EXT 2014"]
[Source "ChessBase"]
[SourceDate "2013.11.20"]
[SourceVersion "1"]
[SourceVersionDate "2013.11.20"]
[SourceQuality "1"]

1. d4 Nf6 2. c4 e6 3. Nc3 d5 4. Nf3 Bb4 5. e3 0-0 6. Bd3 c5 7. 0-0 Nc6 8. a3 Bxc3 9. bxc3 dxc4 10. Bxc4 Na5 11. Bd3 c4 12. Bc2 b6 13. Qe2 Nb3 14. Bxb3 cxb3 15. Rb1 a5 16. Rd1 a4 17. c4 Ba6 18. Bb2 Rc8 19. Rbc1 Ne4 20. Qe1 Bxc4 21. Nd2 Nxd2 22. Qxd2 f5 23. Qb4 b5 24. Rxc4 Rxc4 25. Qxb5 Rc2 26. Rb1 f4 27. Qxa4 Qh4 28. g3 fxg3 29. hxg3 Qf6 30. f4 Qh6 0-1

[Event "Konakovo Chervonny op"]
[Site "Konakovo"]
[Date "2012.09.21"]
[Round "2"]
[White "Shapkin, Anatoliy"]
[Black "Milutin, Lev"]
[Result "1-0"]
[WhiteElo "2109"]
[BlackElo "1961"]
[PlyCount "67"]
[EventDate "2012.09.20"]
[EventType "swiss"]
[EventRounds "7"]
[EventCountry "RUS"]
[SourceTitle "CBM 150 Extra"]
[Source "ChessBase"]
[SourceDate "2012.10.19"]
[SourceVersion "1"]
[SourceVersionDate "2012.10.19"]
[SourceQuality "1"]

1. d4 d5 2. c4 e6 3. Nf3 Nf6 4. Nc3 c6 5. Bg5 Be7 6. e3 0-0 7. Bd3 h6 8. Bh4 Nbd7 9. 0-0 Re8 10. Rc1 Nf8 11. Qc2 Nh5 12. Bxe7 Qxe7 13. Rfe1 Nf6 14. e4 dxe4 15. Nxe4 Rd8 16. Rcd1 Nxe4 17. Bxe4 Qf6 18. Ne5 Qg5 19. g3 f5 20. f4 Qf6 21. Bg2 Bd7 22. d5 cxd5 23. cxd5 Rac8 24. Qb3 b6 25. Nxd7 Rxd7 26. dxe6 Rxd1 27. e7+ Ne6 28. Rxd1 Kh7 29. Re1 Nc7 30. Qd3 Ne8 31. Qd7 Nd6 32. Qxc8 Qd4+ 33. Kh1 Nxc8 34. e8Q 1-0

[Event "Konakovo Rating 7th"]
[Site "Konakovo"]
[Date "2012.07.23"]
[Round "13"]
[White "Milutin, Lev"]
[Black "Podobed, Vladimir"]
[Result "0-1"]
[WhiteElo "1987"]
[BlackElo "2056"]
[PlyCount "40"]
[EventDate "2012.07.18"]
[EventType "tourn"]
[EventRounds "13"]
[EventCountry "RUS"]
[SourceTitle "EXT 2014"]
[Source "ChessBase"]
[SourceDate "2013.11.20"]
[SourceVersion "1"]
[SourceVersionDate "2013.11.20"]
[SourceQuality "1"]

1. d4 d5 2. c4 e6 3. e3 Nf6 4. a3 Be7 5. Nc3 0-0 6. Nf3 b6 7. Bd3 Bb7 8. cxd5 exd5 9. 0-0 c5 10. Bc2 Nc6 11. b3 Re8 12. Ne2 Bd6 13. Bb2 Rb8 14. dxc5 bxc5 15. Ng5 h6 16. Nf3 Qe7 17. Bxf6 Qxf6 18. Qxd5 Ne5 19. Qd1 Nxf3+ 20. Kh1 Nxh2 0-1

[Event "Konakovo Rating 7th"]
[Site "Konakovo"]
[Date "2012.07.20"]
[Round "5"]
[White "Kovalev, Aleksandr"]
[Black "Milutin, Lev"]
[Result "1/2-1/2"]
[WhiteElo "1975"]
[BlackElo "1987"]
[PlyCount "51"]
[EventDate "2012.07.18"]
[EventType "tourn"]
[EventRounds "13"]
[EventCountry "RUS"]
[SourceTitle "EXT 2014"]
[Source "ChessBase"]
[SourceDate "2013.11.20"]
[SourceVersion "1"]
[SourceVersionDate "2013.11.20"]
[SourceQuality "1"]

1. e4 e5 2. Bc4 Bc5 3. c3 Qh4 4. Qf3 Nf6 5. d3 d6 6. g3 Qg4 7. Be3 Qxf3 8. Nxf3 Bxe3 9. fxe3 0-0 10. Nbd2 c6 11. Bb3 Bg4 12. h3 Bxf3 13. Nxf3 a5 14. a3 Nbd7 15. Bc2 Rfe8 16. Nd2 b5 17. 0-0-0 c5 18. g4 h6 19. Rhg1 g5 20. Rdf1 Kg7 21. Rf5 Nh7 22. Nf3 f6 23. Rd1 Rad8 24. h4 Nb6 25. hxg5 hxg5 26. Nd2 1/2-1/2

[Event "Konakovo Rating 7th"]
[Site "Konakovo"]
[Date "2012.07.20"]
[Round "6"]
[White "Milutin, Lev"]
[Black "Tokarzhevskiy, Aleksey"]
[Result "1-0"]
[WhiteElo "1987"]
[BlackElo "1867"]
[PlyCount "90"]
[EventDate "2012.07.18"]
[EventType "tourn"]
[EventRounds "13"]
[EventCountry "RUS"]
[SourceTitle "EXT 2014"]
[Source "ChessBase"]
[SourceDate "2013.11.20"]
[SourceVersion "1"]
[SourceVersionDate "2013.11.20"]
[SourceQuality "1"]

1. d4 d5 2. c4 c6 3. cxd5 cxd5 4. Nc3 Nf6 5. Bf4 Nc6 6. Nf3 Qb6 7. Na4 Qb4+ 8. Bd2 Qd6 9. a3 b5 10. Nc3 a6 11. e3 Ne4 12. Nxe4 dxe4 13. Ng1 g6 14. Qc2 f5 15. Ne2 Bg7 16. Nf4 e6 17. Bc3 0-0 18. Rd1 g5 19. Nh5 Qd5 20. Nxg7 Kxg7 21. g3 g4 22. Bg2 a5 23. h3 h5 24. hxg4 hxg4 25. Rh4 b4 26. Bd2 Bb7 27. Bf1 Rac8 28. Qa4 Qa2 29. Qb5 Rf7 30. Bc4 Qxb2 31. Bxe6 bxa3 32. Qxb2 axb2 33. Bxf7 Ba6 34. Ba2 Bd3 35. Bc3 Nb4 36. Bxb2 Nxa2 37. d5+ Kg6 38. Ra1 Bc4 39. d6 Rb8 40. Be5 Nb4 41. Kd2 Rb5 42. Bf4 Na2 43. Rxa2 Bxa2 44. Rh8 Be6 45. Re8 Bd7 1-0

[Event "Konakovo Rating 7th"]
[Site "Konakovo"]
[Date "2012.07.18"]
[Round "2"]
[White "Milutin, Lev"]
[Black "Dzera, Evgeniy"]
[Result "1/2-1/2"]
[WhiteElo "1987"]
[BlackElo "2160"]
[PlyCount "143"]
[EventDate "2012.07.18"]
[EventType "tourn"]
[EventRounds "13"]
[EventCountry "RUS"]
[SourceTitle "EXT 2014"]
[Source "ChessBase"]
[SourceDate "2013.11.20"]
[SourceVersion "1"]
[SourceVersionDate "2013.11.20"]
[SourceQuality "1"]

1. d4 d5 2. c4 e5 3. e3 exd4 4. Qxd4 Nf6 5. cxd5 Qxd5 6. Qxd5 Nxd5 7. a3 Bd6 8. Bc4 Nb6 9. Bb3 0-0 10. Nf3 Nc6 11. 0-0 Bg4 12. Ng5 Rae8 13. Nc3 h6 14. Nge4 Be7 15. h3 Bc8 16. Rd1 a6 17. a4 Bb4 18. Ng3 Be6 19. Bxe6 Rxe6 20. Na2 Bd6 21. Nf5 Be5 22. Nc3 Kh7 23. Ne2 g6 24. Nfd4 Rd6 25. a5 Nc4 26. b3 N4xa5 27. Ba3 Rfd8 28. Bxd6 Rxd6 29. Nxc6 Nxc6 30. Rxd6 Bxa1 31. Rd7 Be5 32. Rxf7+ Kg8 33. Rd7 Kf8 34. Nf4 Ne7 35. Nd5 Nxd5 36. Rxd5 Bd6 37. e4 Ke7 38. g3 c6 39. Rd3 a5 40. f4 b5 41. e5 Bb4 42. Kf1 Ke6 43. g4 g5 44. fxg5 hxg5 45. Rf3 Be7 46. Re3 Bc5 47. Rf3 Be7 48. Re3 c5 49. Ke2 Kd5 50. Kd3 a4 51. bxa4 c4+ 52. Kc2 bxa4 53. Kc3 a3 54. Re2 Bc5 55. Rd2+ Kxe5 56. Kxc4 Be3 57. Re2 Kf4 58. Kb3 Bc1 59. Re1 Bb2 60. Rd1 Kg3 61. Rd3+ Kg2 62. Re3 Kh2 63. Rf3 Bc1 64. Rc3 Bb2 65. Rd3 Kg2 66. Rd5 Bc1 67. Kc2 Bf4 68. Rd3 a2 69. Kb2 Bg3 70. Kxa2 Kxh3 71. Rd5 Kxg4 72. Rxg5+ 1/2-1/2

[Event "Konakovo Rating 6"]
[Site "Konakovo"]
[Date "2011.05.14"]
[Round "12"]
[White "Kovalev, Aleksandr"]
[Black "Milutin, Lev"]
[Result "0-1"]
[WhiteElo "1981"]
[BlackElo "1984"]
[PlyCount "88"]
[EventDate "2011.05.03"]
[EventType "tourn"]
[EventRounds "13"]
[EventCountry "RUS"]
[SourceTitle "EXT 2023"]
[Source "ChessBase"]
[SourceDate "2022.10.05"]
[SourceVersion "1"]
[SourceVersionDate "2022.10.05"]
[SourceQuality "1"]

1. e4 e5 2. Nf3 Nf6 3. Nxe5 d6 4. Nf3 Nxe4 5. d4 d5 6. Bd3 Bg4 7. h3 Bh5 8. 0-0 Be7 9. Re1 Nf6 10. Qe2 Bxf3 11. Qxf3 0-0 12. Bg5 Nbd7 13. Nd2 c6 14. Bf5 Re8 15. Re2 h6 16. Bh4 Ne4 17. Bxe7 Nxd2 18. Rxd2 Rxe7 19. Re2 Nf6 20. Rae1 Rxe2 21. Qxe2 Qc7 22. c3 g6 23. Bd3 Re8 24. Qd2 Rxe1+ 25. Qxe1 Kg7 26. Qe5 Qxe5 27. dxe5 Nd7 28. f4 b6 29. Kf2 c5 30. Bb5 Nf8 31. Ke3 f6 32. g3 fxe5 33. fxe5 Kf7 34. Bc6 Ke6 35. h4 g5 36. hxg5 hxg5 37. Be8 Kxe5 38. Kd3 Ne6 39. a3 c4+ 40. Ke3 Nc5 41. Bg6 Na4 42. Bc2 Nxb2 43. Kd2 d4 44. cxd4+ Kxd4 0-1

[Event "Konakovo Rating 6"]
[Site "Konakovo"]
[Date "2011.05.12"]
[Round "10"]
[White "Matveev, Aleksandr"]
[Black "Milutin, Lev"]
[Result "1-0"]
[WhiteElo "2040"]
[BlackElo "1984"]
[PlyCount "113"]
[EventDate "2011.05.03"]
[EventType "tourn"]
[EventRounds "13"]
[EventCountry "RUS"]
[SourceTitle "EXT 2023"]
[Source "ChessBase"]
[SourceDate "2022.10.05"]
[SourceVersion "1"]
[SourceVersionDate "2022.10.05"]
[SourceQuality "1"]

1. c4 e6 2. Nc3 Nf6 3. e4 Bb4 4. Nge2 Nc6 5. a3 Bxc3 6. Nxc3 Nd4 7. e5 Ng8 8. d3 d6 9. exd6 cxd6 10. Be2 Ne7 11. 0-0 0-0 12. Re1 Bd7 13. b4 a6 14. Bb2 e5 15. Bf3 Nxf3+ 16. Qxf3 Bc6 17. Qe2 Ng6 18. Bc1 f5 19. a4 f4 20. Qh5 Nh4 21. Ne4 Rf5 22. Qd1 Ng6 23. d4 Bxe4 24. Rxe4 Qh4 25. Ra3 Qf6 26. dxe5 dxe5 27. Qd5+ Qf7 28. Rd3 Rc8 29. Qxf7+ Rxf7 30. Bb2 Rfc7 31. c5 b6 32. h4 h5 33. cxb6 Rb7 34. a5 Re8 35. Rd6 Kf7 36. g3 fxg3 37. fxg3 Re6 38. Rxe6 Kxe6 39. Rc4 Kd6 40. Rc8 Ne7 41. Ra8 Nc6 42. Rxa6 Nxb4 43. Ba3 Kc5 44. Bxb4+ Kxb4 45. Ra7 Rb8 46. Rxg7 Kxa5 47. b7 Kb6 48. Re7 e4 49. Kf2 Rg8 50. Rg7 Re8 51. Ke3 Ka7 52. Rg5 Kxb7 53. Rxh5 Kc7 54. Rd5 Rg8 55. Rg5 Re8 56. Rg4 Kd6 57. Rxe4 1-0

[Event "Konakovo Rating"]
[Site "Konakovo"]
[Date "2009.02.12"]
[Round "10"]
[White "Milutin, Lev"]
[Black "Poluhovich, Igor"]
[Result "1/2-1/2"]
[WhiteElo "2048"]
[BlackElo "1814"]
[PlyCount "48"]
[EventDate "2009.02.02"]
[EventType "tourn"]
[EventRounds "12"]
[EventCountry "RUS"]
[SourceTitle "EXT 2022"]
[Source "ChessBase"]
[SourceDate "2021.10.06"]
[SourceVersion "1"]
[SourceVersionDate "2021.10.06"]
[SourceQuality "1"]

1. d4 e6 2. c4 d5 3. e3 f5 4. Nf3 Nf6 5. a3 c6 6. Bd3 Bd6 7. c5 Bc7 8. b4 Nbd7 9. Bb2 0-0 10. Qc2 Ne4 11. g3 Qe8 12. Ne5 Qh5 13. Be2 Qh6 14. Bf1 Ndf6 15. Bg2 Bxe5 16. Bxe4 fxe4 17. dxe5 Ng4 18. Qe2 Rxf2 19. Qxf2 Nxf2 20. Kxf2 Bd7 21. Bd4 Rf8+ 22. Kg2 Qh5 23. Nc3 Qf3+ 24. Kh3 Rf5 1/2-1/2

[Event "Konakovo Rating"]
[Site "Konakovo"]
[Date "2009.02.06"]
[Round "5"]
[White "Kovalev, Aleksandr"]
[Black "Milutin, Lev"]
[Result "1-0"]
[WhiteElo "2068"]
[BlackElo "2048"]
[PlyCount "123"]
[EventDate "2009.02.02"]
[EventType "tourn"]
[EventRounds "12"]
[EventCountry "RUS"]
[SourceTitle "EXT 2022"]
[Source "ChessBase"]
[SourceDate "2021.10.06"]
[SourceVersion "1"]
[SourceVersionDate "2021.10.06"]
[SourceQuality "1"]

1. e4 e5 2. Bc4 d6 3. c3 Nf6 4. d3 Be7 5. h3 0-0 6. Nf3 a6 7. 0-0 Nc6 8. Be3 Na5 9. Nbd2 Nxc4 10. Nxc4 b5 11. Na5 Qd7 12. b4 Bd8 13. Bg5 c5 14. Bxf6 Bxf6 15. bxc5 Qc7 16. Nb3 dxc5 17. Nc1 Rd8 18. a4 Bb7 19. Qb3 c4 20. dxc4 bxa4 21. Qc2 Qxc4 22. Rxa4 Qc6 23. Nh2 Be7 24. Ng4 f6 25. Ne3 Bc5 26. Rc4 Qb6 27. Qa2 Kf8 28. Nd5 Rxd5 29. exd5 Bxd5 30. Nd3 Qb5 31. Rxc5 Bxa2 32. Rxb5 axb5 33. Nb4 Bc4 34. Rd1 Ra3 35. Rc1 Kf7 36. f3 h5 37. Kf2 h4 38. Ke3 f5 39. f4 e4 40. Kd4 Ke6 41. Rg1 Kf6 42. g3 hxg3 43. Rxg3 Rb3 44. Nc6 Rb2 45. Ne5 Rd2+ 46. Ke3 Re2+ 47. Kd4 Bf7 48. Nd7+ Ke7 49. Ne5 Kf6 50. Nd7+ Ke7 51. Ne5 g6 52. Nxg6+ Bxg6 53. Rxg6 Rd2+ 54. Kc5 Kf7 55. Rg5 Kf6 56. Kxb5 Rf2 57. c4 e3 58. Rg3 Rb2+ 59. Kc6 Rb3 60. Rg2 Rd3 61. Re2 Rd4 62. c5 1-0

[Event "Konakovo Rating"]
[Site "Konakovo"]
[Date "2009.02.02"]
[Round "1"]
[White "Blinov, Sergey"]
[Black "Milutin, Lev"]
[Result "0-1"]
[WhiteElo "1952"]
[BlackElo "2048"]
[PlyCount "66"]
[EventDate "2009.02.02"]
[EventType "tourn"]
[EventRounds "12"]
[EventCountry "RUS"]
[SourceTitle "EXT 2022"]
[Source "ChessBase"]
[SourceDate "2021.10.06"]
[SourceVersion "1"]
[SourceVersionDate "2021.10.06"]
[SourceQuality "1"]

1. c4 e6 2. Nc3 d5 3. cxd5 exd5 4. d3 c6 5. g3 Bd6 6. Bg2 Nf6 7. Nf3 0-0 8. 0-0 Re8 9. Bg5 h6 10. Bxf6 Qxf6 11. Qc2 Nd7 12. a3 Ne5 13. Nxe5 Qxe5 14. b4 a6 15. Rfe1 Bf5 16. e4 dxe4 17. dxe4 Bh7 18. Rad1 g5 19. Na4 Rad8 20. Nb6 Bc7 21. Nd7 Qe7 22. Nc5 Bb6 23. f3 Rxd1 24. Rxd1 Rd8 25. Rxd8+ Qxd8 26. Kf1 Qd4 27. Qc1 a5 28. Ke2 axb4 29. axb4 Qxb4 30. Nxb7 Qd4 31. Qd2 Qc4+ 32. Kd1 Qa4+ 33. Ke2 Qa6+ 0-1